LEADER 07984cam a2201441 c 4500
001 775699187
003 DE-627
005 20260617212222.0
007 tu
008 140107s2014 xxk||||| m 00| ||eng c
010 |a  2014466731 
016 7 |a GBB414227  |2 UK 
020 |a 9781848934061  |q hbk. : £60.00  |9 978-1-84893-406-1 
024 3 |a 9781848934061 
035 |a (DE-627)775699187 
035 |a (DE-603)338681957 
035 |a (DE-576)401927598 
035 |a (DE-599)GBV775699187 
035 |a (OCoLC)876133772 
035 |a (OCoLC)876133772 
035 |a (OCoLC)870426630 
035 |a (BL)016622321 
040 |a DE-627  |b ger  |c DE-627  |e rakwb 
041 |a eng 
044 |c XA-GB  |c XD-US 
050 0 |a DR479.E85 
082 0 |a 303.482430561  |q LOC  |2 23 
084 |a 9,10  |a 1  |2 ssgn 
084 |a NN 4200  |q BVB  |2 rvk  |0 (DE-625)rvk/126916: 
084 |a NK 7502  |2 rvk  |0 (DE-625)rvk/126237: 
084 |a NN 3343  |2 rvk  |0 (DE-625)rvk/126803: 
084 |a 10.00  |2 bkl 
084 |a 21.32  |2 bkl 
084 |a 11.84  |2 bkl 
090 |a a 
100 1 |a Smith, Charlotte Colding  |0 (DE-588)1065839502  |0 (DE-627)816853908  |0 (DE-576)425522555  |4 aut 
245 1 0 |a Images of Islam, 1453 – 1600  |b Turks in Germany and Central Europe  |c by Charlotte Colding Smith 
264 1 |a London {[u.a.]  |b Pickering & Chatto  |c 2014 
300 |a XV, 276 S.  |b Ill.  |c 24 cm 
336 |a Text  |b txt  |2 rdacontent 
337 |a ohne Hilfsmittel zu benutzen  |b n  |2 rdamedia 
338 |a Band  |b nc  |2 rdacarrier 
490 1 |a Religious cultures in the early modern world  |v 16 
500 |a Literaturverz. S. 233-265 
502 |a Zugl.: Melbourne, Univ., Diss. 
505 8 |a Early images of the Turk and Ottoman Empire, 1453-1520Military images of the Turk and the conflicts of the sixteenth century -- Biblical images of the Turk : the apocalyptic and the exotic -- Travellers' tales and images of the Ottoman Empire and the court of Constantinople -- Ottoman dress in sixteenth-century German printed costume books -- Genealogies, histories, cosmographies : encyclopaedic images of the Turk. 
505 8 |a Literaturverz. S. 233 - 265 
583 1 |a Archivierung/Langzeitarchivierung gewährleistet  |f SSG  |x XA-DE-BW  |2 pdager  |5 DE-16 
583 1 |a Archivierung prüfen  |c 20251012  |f DE-4165  |z 3  |2 pdager 
650 0 |a Christianity and other religions  |z Europe, Central 
650 0 |a Christianity and other religions  |x Islam  |x History 
650 0 |a Islam  |x Relations  |x Christianity  |x History 
650 0 |a Orientalism  |z Europe, Central  |x History 
650 0 |a Christianity and other religions  |x History  |x Europe, Central 
650 0 |a Christianity and other religions  |x Islam  |x History 
650 0 |a Islam  |x Relations  |x Christianity  |x History 
650 0 |a Orientalism  |x History  |x Europe, Central 
650 0 |a Turks in art 
650 0 |a Turks in literature 
650 4 |a Christianity and other religions 
650 4 |a Orientalism 
650 4 |a Islam 
650 4 |a Relations 
650 4 |a Europe, Central 
650 4 |a Christianity 
650 4 |a History 
650 4 |a Christianity and other religions--Europe, Central--History 
650 4 |a Christianity and other religions--Islam--History 
650 4 |a Islam--Relations--Christianity--History 
650 4 |a Turks in art 
650 4 |a Turks in literature 
650 4 |a Orientalism--Europe, Central--History 
650 4 |a Turkey--Foreign public opinion, European--History 
650 4 |a Turkey--Foreign public opinion, European--History--Sources 
650 4 |a Turkey 
651 0 |a Turkey  |x Foreign public opinion, European  |x History 
651 0 |a Turkey  |x Foreign public opinion, European  |x History  |x Sources 
651 0 |a Turkey  |x Foreign public opinion, European  |x History 
651 0 |a Turkey  |x Foreign public opinion, European  |x History  |x Sources 
651 4 |a Turkey 
655 7 |a Hochschulschrift  |0 (DE-588)4113937-9  |0 (DE-627)105825778  |0 (DE-576)209480580  |2 gnd-content 
689 0 0 |d g  |0 (DE-588)4011882-4  |0 (DE-627)104704861  |0 (DE-576)208896155  |a Deutschland  |2 gnd 
689 0 1 |d g  |0 (DE-588)4039677-0  |0 (DE-627)104270578  |0 (DE-576)209036133  |a Mitteleuropa  |2 gnd 
689 0 2 |d s  |0 (DE-588)4138950-5  |0 (DE-627)105638854  |0 (DE-576)209690321  |a Osmanisches Reich  |g Motiv  |2 gnd 
689 0 3 |d s  |0 (DE-588)4186406-2  |0 (DE-627)105279781  |0 (DE-576)210039000  |a Türkenbild  |2 gnd 
689 0 4 |d s  |0 (DE-588)4351632-4  |0 (DE-627)181232138  |0 (DE-576)211531200  |a Islambild  |2 gnd 
689 0 5 |d s  |0 (DE-588)4123412-1  |0 (DE-627)104516488  |0 (DE-576)209559519  |a Illustration  |2 gnd 
689 0 6 |d s  |0 (DE-588)4035964-5  |0 (DE-627)106245015  |0 (DE-576)209015608  |a Literatur  |2 gnd 
689 0 7 |a z  |2 gnd  |a Geschichte 1453-1600 
689 0 |5 (DE-627) 
751 |a Melbourne  |0 (DE-588)4038526-7  |0 (DE-627)10623188X  |0 (DE-576)209030585  |4 uvp 
776 1 |z 9781781444160  |c fePub: £24.00 
776 1 |z 9781781440377  |c fPDF: £24.00 
776 0 8 |i Erscheint auch als  |n Online-Ausgabe  |a Smith, Charlotte Colding  |t Images of Islam, 1453 - 1600  |d London : Pickering & Chatto, 2014  |w (DE-627)1655622722  |w (DE-576)427880602  |z 9781848934061 
787 0 8 |i Rezensiert in  |a Wilhelm, Sarah  |t [Rezension von: Charlotte Colding Smith, Images of Islam, 1453-1600]  |d Regensburg : Verlag Schnell & Steiner GmbH, 2016  |w (DE-627)1687990964 
787 0 8 |i Rezensiert in  |a Moore, Cornelia Niekus  |t [Rezension von: Smith, Charlotte Colding, Images of Islam, 1453-1600: Turks in Germany and Central Europe]  |d 2015  |w (DE-627)1802436197 
787 0 8 |i Rezensiert in  |a Kölmel, Nicolai  |t [Rezension von: Charlotte Colding Smith, Images of Islam, 1453-1600. Turks in Germany and Central Europe]  |d 2015  |w (DE-627)1844101088 
787 0 8 |i Rezensiert in  |t [Rezension]  |d 2016  |w (DE-627)1752489691 
787 0 8 |i Rezensiert in  |t [Rezension]  |d 2015  |w (DE-627)1752501594 
830 0 |a Religious cultures in the early modern world  |v 16  |9 16  |w (DE-627)517595664  |w (DE-576)25878685X  |w (DE-600)2251268-8  |7 am 
856 4 2 |u https://swbplus.bsz-bw.de/bsz401927598inh.htm  |m B:DE-576;DE-16  |q application/pdf  |v 20140423103629  |x Verlag  |3 Inhaltsverzeichnis  |7 1 
856 4 2 |u https://swbplus.bsz-bw.de/bsz401927598rez.htm  |m B:DE-576;DE-16  |q application/pdf  |v 20151222121325  |x Verlag  |3 Rezension  |7 1 
856 4 2 |u http://scans.hebis.de/HEBCGI/show.pl?33868195_toc.pdf  |m V:DE-603;B:DE-17  |q application/pdf  |3 Inhaltsverzeichnis  |7 1 
856 4 2 |u http://scans.hebis.de/HEBCGI/show.pl?33868195_rez.pdf  |m V:DE-576;B:DE-16  |q application/pdf  |3 Rezension  |7 1 
935 |i sf 
935 |i Blocktest 
936 r v |a NN 4200  |b Darstellungen  |k Geschichte  |k Neuere Geschichte  |k Geschichte der auswärtigen Staaten im Zeitalter der Entdeckungen und der Glaubensspaltung  |k Südosteuropa  |k Türken, Osmanisches Reich  |k Darstellungen  |0 (DE-627)1271466546  |0 (DE-625)rvk/126916:  |0 (DE-576)201466546 
936 r v |a NK 7502  |b Türkei  |k Geschichte  |k Weltgeschichte, Darstellungen Allgemeine Geschichte einzelner Staaten und Völker Teilgebiete der Geschichte, Sammelwerke  |k Geschichte der internationalen Beziehungen  |k Beziehungen zwischen Deutschland und anderen Staaten  |k Zu außereuropäischen Staaten  |k Türkei  |0 (DE-627)1271464551  |0 (DE-625)rvk/126237:  |0 (DE-576)201464551 
936 r v |a NN 3343  |b Osmanisches Reich  |k Geschichte  |k Neuere Geschichte  |k Zeitalter der Gegenreformation und des Dreißigjährigen Krieges (1555 - 1648)  |k Geschichte der Gegenreformation (1555 - 1648)  |k Geschichte des Reichs (1555 - 1618)  |k Reich und auswärtige Mächte  |k Sonstige  |k Osmanisches Reich  |0 (DE-627)1271468379  |0 (DE-625)rvk/126803:  |0 (DE-576)201468379 
936 b k |a 10.00  |j Geisteswissenschaften allgemein: Allgemeines  |0 (DE-627)106405543 
936 b k |a 21.32  |j Geschichte der Graphik  |0 (DE-627)106405756 
936 b k |a 11.84  |j Islam: Sonstiges  |0 (DE-627)106404075 
951 |a BO 
990 |a Deutschland 
990 |a Mitteleuropa 
990 |a Osmanisches Reich 
990 |a Türkenbild 
990 |a Islambild 
990 |a Illustration 
990 |a Literatur 
990 |a Geschichte 1453-1600 
991 |a Rezensiertes Werk 
999 |a KXP-PPN775699187  |e 4113070997